| 000 | 00796cam a2200217 4500 | ||
|---|---|---|---|
| 001 | ABS61138 | ||
| 008 | 000000n1999 000 0 eng u | ||
| 035 | _a(Sirsi) u101703 | ||
| 100 | _aDollar, P. | ||
| 245 | _aPPG3: a stumbling block. | ||
| 260 | _c1999 | ||
| 490 |
_aProperty Week _v64(31) 6 August 1999, 38(1) |
||
| 520 | _aWarns that tenants' right of first refusal under the Landlord and Tenant Act 1987 Part I (as amended by the Housing Act 1996) will undermine the aims of the draft PPG3 aimed at restricting the number of greenfield sites for new housing development in urban areas. | ||
| 650 |
_aLANDLORD AND TENANT _96252 |
||
| 650 | _aPPG3 | ||
| 650 | _aGREENFIELD SITES | ||
| 650 | _aHOUSING | ||
| 690 | _aPLANNING LAW AND PRACTICE | ||
| 700 | _aMurphy, G. | ||
| 942 | _n0 | ||
| 999 |
_c60828 _d60828 |
||